|
|
|
|
| LEADER |
00000nas a2200000 a 4500 |
| 001 |
ssj0006642 |
| 003 |
WaSeSS |
| 005 |
20200512172242.0 |
| 006 |
m d |
| 007 |
cr n |
| 008 |
980803c18729999maumr pss 0 a0eng c |
| 010 |
|
|
|a sn 98007786
|
| 022 |
|
|
|a 1520-0493
|y 0027-0644
|
| 035 |
|
|
|a (WaSeSS)ssj0006642
|
| 037 |
|
|
|b American Meteorological Society, 45 Beacon Street, Boston, MA 02108
|
| 040 |
|
|
|a NSD
|b eng
|c NSD
|d OCL
|d OCLCQ
|d TXA
|d OCLCQ
|d OCL
|d DLC
|d MUQ
|d CIT
|d OCLCQ
|d GPO
|d OCLCA
|d DLC
|d OCLCF
|d OCLCO
|d OCLCE
|d CSU
|d OCLCO
|d OCLCQ
|d GPO
|d OCLCQ
|d WT2
|d OCLCA
|d OCLCQ
|d WYU
|d GPO
|d OCLCQ
|d WaSeSS
|
| 042 |
|
|
|a nsdp
|a pcc
|
| 050 |
1 |
4 |
|a QC983
|b .A2
|
| 074 |
|
|
|a 0277 (online)
|
| 082 |
1 |
0 |
|a 551
|2 13
|
| 086 |
0 |
|
|a W 42.20:
|
| 086 |
0 |
|
|a A 29.6:
|
| 086 |
0 |
|
|a C 30.14:
|
| 086 |
0 |
|
|a C 55.11:
|
| 130 |
0 |
|
|a Monthly weather review (Online)
|
| 210 |
0 |
|
|a Mon. weather rev.
|b (Online)
|
| 222 |
|
0 |
|a Monthly weather review
|b (Online)
|
| 245 |
1 |
0 |
|a Monthly weather review
|h [electronic resource].
|
| 260 |
|
|
|a [Washington, D.C.] :
|b War Dept., Office of the Chief Signal Officer
|
| 260 |
3 |
|
|3 Jan. 1974-
|a Boston, MA :
|b American Meteorological Society
|
| 310 |
|
|
|a Monthly
|
| 362 |
1 |
|
|a Print began in June 1872.
|
| 500 |
|
|
|a Beginning with v. 102, no. 1 (Jan. 1974), no longer an official government publication.
|
| 506 |
|
|
|a License restrictions may limit access.
|
| 538 |
|
|
|a Master and use copy. Digital master created according to Benchmark for Faithful Digital Reproductions of Monographs and Serials, Version 1. Digital Library Federation, December 2002.
|u http://purl.oclc.org/DLF/benchrepro0212
|5 MiAaHDL
|
| 550 |
|
|
|a Issued by: War Dept., Office of the Chief Signal Officer, Oct. 1872-June 1891; by the Weather Bureau, July 1891-July 1966; by United States Environmental Science Services Administration, Aug. 1966-Oct. 1970; by National Oceanic and Atmospheric Administration, Nov. 1970-Dec. 1973; by the American Meteorological Society, Jan. 1974-
|
| 583 |
1 |
|
|a digitized
|c 2010
|h HathiTrust Digital Library
|l committed to preserve
|2 pda
|5 MiAaHDL
|
| 588 |
|
|
|a Description based on: Vol. 1, issue 1 (Jan. 1873); title from table of contents screen (viewed June 6, 2013).
|
| 588 |
|
|
|a Latest issue consulted: Vol. 146, no. 5 (May 2018) (viewed May 15, 2019).
|
| 650 |
|
0 |
|a Meteorology
|v Periodicals.
|
| 650 |
|
6 |
|a Météorologie
|v Périodiques.
|
| 650 |
|
7 |
|a Meteorology.
|2 fast
|0 (OCoLC)fst01018441
|
| 650 |
1 |
7 |
|a Meteorologie.
|2 gtt
|
| 655 |
|
0 |
|a Electronic journals.
|
| 710 |
2 |
|
|a American Meteorological Society.
|
| 710 |
1 |
|
|a United States.
|b Army.
|b Signal Corps.
|
| 710 |
1 |
|
|a United States.
|b Weather Bureau.
|
| 710 |
1 |
|
|a United States.
|b Environmental Science Services Administration.
|
| 710 |
1 |
|
|a United States.
|b National Oceanic and Atmospheric Administration.
|
| 770 |
0 |
|
|t Monthly weather review. Supplement
|w (DLC) 2009242319
|w (OCoLC)436315554
|
| 776 |
0 |
8 |
|i Print version:
|t Monthly weather review
|x 0027-0644
|w (DLC) 74648196
|w (OCoLC)1796375
|
| 787 |
1 |
|
|t Journals of the American Meteorological Society
|x 1093-9563
|w (DLC)sn 97004040
|w (OCoLC)36911894
|
| 856 |
4 |
0 |
|z Full text available from Research Library: 01/01/1996 to 2 years ago
|u https://search.proquest.com/publication/41865
|